[Event "II Open A"]
[Site "Livigno ITA"]
[Date "2011.09.17"]
[Round "8"]
[White "Kilpatrick, Callum"]
[Black "Rombaldoni, Denis"]
[WhiteElo "2256"]
[BlackElo "2517"]
[Result "1/2-1/2"]
[PlyCount "84"]
[EventDate "2011.09.12"]

1. e4 c6 2. Nc3 d5 3. Nf3 dxe4 4. Nxe4 Nd7 5. Bc4 Ngf6 6. Qe2 Nxe4 7. Qxe4 Nf6
8. Qe2 Nd5 9. O-O g6 10. Qe5 Rg8 11. d4 Bg7 12. Qe2 Bf5 13. c3 Qc7 14. Re1 Rd8
15. Ng5 h6 16. Ne4 g5 17. Qf3 Bg6 18. Bb3 Kf8 19. Bd2 Nf4 20. g3 Nd5 21. Nc5
Nf6 22. Nd3 Bh5 23. Qg2 Qc8 24. h3 Nd5 25. c4 Nc7 26. Bb4 Bf6 27. Qe4 Kg7 28.
Ne5 Qxh3 29. d5 Na6 30. Ba3 Kh8 31. dxc6 bxc6 32. Nxc6 Rd2 33. Nxe7 Bd4 34. Re3
Bxe3 35. Qxe3 Re2 36. Qc3+ Rg7 37. Nd5 Rxf2 38. Kxf2 Qh2+ 39. Kf1 Qh1+ 40. Kf2
Qh2+ 41. Kf1 Qh1+ 42. Kf2 Qh2+ 1/2-1/2

[Event "II Open A"]
[Site "Livigno ITA"]
[Date "2011.09.17"]
[Round "8"]
[White "Mareco, Sandro"]
[Black "Hunt, Adam C."]
[WhiteElo "2597"]
[BlackElo "2437"]
[Result "1-0"]
[PlyCount "69"]
[EventDate "2011.09.12"]

1. Nf3 Nf6 2. c4 g6 3. Nc3 d5 4. cxd5 Nxd5 5. Qc2 Bg7 6. e4 Nb4 7. Qa4+ N4c6 8.
d4 Bd7 9. Bb5 O-O 10. Be3 a6 11. d5 Ne5 12. Nxe5 Bxe5 13. Bxd7 Qxd7 14. Qb3 b6
15. O-O a5 16. f4 Bg7 17. Rac1 a4 18. Qc4 Ra5 19. Rfd1 Na6 20. e5 b5 21. Qd3 b4
22. Ne4 Rd8 23. Rc6 Nb8 24. Rc5 Rxc5 25. Nxc5 Qg4 26. h3 Qh4 27. Qe2 c6 28.
dxc6 Nxc6 29. Rxd8+ Nxd8 30. Kh2 e6 31. Qd2 Nc6 32. Qd7 Ne7 33. Qe8+ Bf8 34.
Nd7 Qh6 35. f5 1-0

[Event "II Open A"]
[Site "Livigno ITA"]
[Date "2011.09.17"]
[Round "8"]
[White "Polak, Tomas"]
[Black "Bove, Alessandro"]
[WhiteElo "2543"]
[BlackElo "2368"]
[Result "1-0"]
[PlyCount "55"]
[EventDate "2011.09.12"]

1. d4 Nf6 2. c4 e6 3. Nf3 c5 4. d5 b5 5. Bg5 exd5 6. cxd5 d6 7. e4 a6 8. a4 Be7
9. Bxf6 Bxf6 10. axb5 Bxb2 11. Ra2 Bf6 12. Bd3 O-O 13. O-O Bb7 14. Nbd2 axb5
15. Rxa8 Bxa8 16. Bxb5 Bb7 17. Qa4 Qc8 18. Rb1 Rd8 19. Nc4 Bc3 20. Qa7 Bb4 21.
Qb6 Nd7 22. Qxd6 Nf6 23. Qe7 Qb8 24. Nfe5 Rf8 25. Bc6 Ba6 26. d6 Ng4 27. Nd7
Be1 28. Rxe1 1-0

[Event "II Open A"]
[Site "Livigno ITA"]
[Date "2011.09.17"]
[Round "8"]
[White "Scalcione, Michelangelo"]
[Black "Braga, Fernando Alberto"]
[WhiteElo "2337"]
[BlackElo "2438"]
[Result "1/2-1/2"]
[PlyCount "84"]
[EventDate "2011.09.12"]

1. Nf3 c5 2. b3 Nf6 3. Bb2 e6 4. e3 Be7 5. Nc3 b6 6. g4 Nxg4 7. Rg1 f5 8. h3
Nh6 9. Nb5 Bf6 10. Nd6+ Ke7 11. Nxc8+ Qxc8 12. Rxg7+ Bxg7 13. Bxg7 Nf7 14. Qc1
Rg8 15. Qb2 Nc6 16. O-O-O Rxg7 17. Qxg7 Qg8 18. Qb2 Ng5 19. Nxg5 Qxg5 20. Bb5
Rc8 21. Bxc6 Rxc6 22. Qh8 Qg6 23. h4 h5 24. Kb1 c4 25. b4 Qg4 26. f3 Qxh4 27.
Rg1 Kd6 28. f4 Kc7 29. b5 Rc5 30. a4 c3 31. dxc3 Qf2 32. Rg8 Qxe3 33. Ra8 Kd6
34. Rxa7 Qxc3 35. Qf8+ Kd5 36. Rxd7+ Ke4 37. Qa8+ Kxf4 38. Qg2 Qb4+ 39. Kc1
Qa3+ 40. Kb1 Qb4+ 41. Kc1 Qa3+ 42. Kb1 Qb4+ 1/2-1/2

[Event "II Open A"]
[Site "Livigno ITA"]
[Date "2011.09.17"]
[Round "8"]
[White "Mazur, Stefan"]
[Black "Saptarshi, Roy"]
[WhiteElo "2372"]
[BlackElo "2385"]
[Result "1-0"]
[PlyCount "73"]
[EventDate "2011.09.12"]

1. e4 c5 2. Nf3 a6 3. c4 Nc6 4. Nc3 e5 5. Be2 d6 6. d3 h6 7. a3 Nf6 8. O-O Be7
9. Rb1 a5 10. Ne1 O-O 11. Nc2 Nh7 12. Bg4 Bg5 13. Bxc8 Rxc8 14. b4 Bxc1 15.
Qxc1 axb4 16. axb4 f5 17. bxc5 dxc5 18. exf5 Rxf5 19. Rxb7 Qxd3 20. Ne3 Rf7 21.
Rxf7 Kxf7 22. Rd1 Qg6 23. Qa3 Nd4 24. Ncd5 Kf8 25. Qa7 Qf7 26. Qa6 Rd8 27. Qb6
Ne6 28. Ra1 Nhg5 29. Ra7 Qg6 30. h4 Nf3+ 31. Kh1 Nfd4 32. Qb7 Re8 33. Qd7 Qh5
34. Kg1 Ne2+ 35. Kf1 N2d4 36. Nf6 Qg6 37. Qd6+ 1-0

[Event "II Open A"]
[Site "Livigno ITA"]
[Date "2011.09.17"]
[Round "8"]
[White "Cebalo, Miso"]
[Black "Reverby, Miro"]
[WhiteElo "2478"]
[BlackElo "2153"]
[Result "1-0"]
[PlyCount "91"]
[EventDate "2011.09.12"]

1. c4 Nf6 2. g3 g6 3. b3 Bg7 4. Bb2 d6 5. Bg2 e5 6. Nf3 O-O 7. O-O Nc6 8. Nc3
Bd7 9. d4 exd4 10. Nxd4 Nxd4 11. Qxd4 Bc6 12. Qd2 Bxg2 13. Kxg2 Re8 14. Rad1
Qe7 15. f3 Qe3 16. Qc2 Nd7 17. Rd3 Qe5 18. e4 Nc5 19. Rd2 Qe6 20. Nd5 Rac8 21.
Bxg7 Kxg7 22. b4 Nd7 23. c5 dxc5 24. bxc5 f6 25. Rb1 c6 26. Nf4 Qf7 27. Rxb7
Re7 28. Rxa7 Kg8 29. Rd6 Ne5 30. Rxe7 Qxe7 31. Qb3+ Kg7 32. Ne6+ Kh6 33. h4 Nf7
34. Rd1 Re8 35. Qe3+ g5 36. hxg5+ fxg5 37. Rh1+ Kg6 38. f4 gxf4 39. gxf4 h6 40.
f5+ Kh7 41. Rh3 Rg8+ 42. Rg3 Rxg3+ 43. Qxg3 Qf6 44. Qg6+ Qxg6+ 45. fxg6+ Kxg6
46. a4 1-0

[Event "II Open A"]
[Site "Livigno ITA"]
[Date "2011.09.17"]
[Round "8"]
[White "Arnetta, Maria Teresa"]
[Black "Naumkin, Igor"]
[WhiteElo "2017"]
[BlackElo "2473"]
[Result "1-0"]
[PlyCount "45"]
[EventDate "2011.09.12"]

1. e4 e6 2. d4 d5 3. e5 c5 4. Nf3 Nc6 5. Bd3 cxd4 6. O-O Bd7 7. Re1 Nge7 8. Bf4
Ng6 9. Bg3 Bc5 10. a3 a6 11. Nbd2 Ba7 12. h4 f6 13. exf6 Qxf6 14. Ng5 Nce7 15.
Qh5 h6 16. Bxg6+ Qxg6 17. Qxg6+ Nxg6 18. Nxe6 Bxe6 19. Rxe6+ Kf7 20. Rae1 Rhc8
21. h5 Nf8 22. Re7+ Kg8 23. Be5 1-0

[Event "II Open A"]
[Site "Livigno ITA"]
[Date "2011.09.17"]
[Round "8"]
[White "Karl, Hans"]
[Black "Kock, Hans-Uwe"]
[WhiteElo "2201"]
[BlackElo "2117"]
[Result "1/2-1/2"]
[PlyCount "58"]
[EventDate "2011.09.12"]

1. e4 c6 2. d4 d5 3. e5 Bf5 4. Nf3 e6 5. c4 dxc4 6. Bxc4 Nd7 7. Nc3 Nb6 8. Bb3
Ne7 9. Nh4 Bg6 10. Bg5 Qd7 11. Qd2 Nf5 12. Nxf5 Bxf5 13. O-O h6 14. Be3 Be7 15.
Rad1 O-O 16. Rfe1 Rfd8 17. Qe2 Nd5 18. Bc1 Bb4 19. Qf3 Qe7 20. Qg3 Kh8 21. Bd2
Rac8 22. h3 Bg6 23. Ne4 Bxd2 24. Rxd2 Qb4 25. Rdd1 Ne7 26. Nd6 Nf5 27. Nxf5
Bxf5 28. Qe3 a5 29. a3 Qb5 1/2-1/2

[Event "II Open A"]
[Site "Livigno ITA"]
[Date "2011.09.17"]
[Round "8"]
[White "Bossi, Alessandro"]
[Black "Veznik, Michael"]
[WhiteElo "2019"]
[BlackElo "1830"]
[Result "1-0"]
[PlyCount "129"]
[EventDate "2011.09.12"]

1. e4 c5 2. Nf3 d6 3. d4 cxd4 4. Qxd4 a6 5. c4 Nc6 6. Qd2 g6 7. b3 Bg7 8. Bb2
Nf6 9. Nc3 O-O 10. Be2 Qa5 11. Rb1 Bd7 12. O-O Rfd8 13. Rfd1 b5 14. a3 b4 15.
axb4 Qxb4 16. Nd5 Qxd2 17. Nxf6+ Bxf6 18. Rxd2 Kg7 19. Bxf6+ Kxf6 20. b4 Rdb8
21. Rdb2 g5 22. h3 g4 23. hxg4 Bxg4 24. b5 axb5 25. cxb5 Bxf3 26. Bxf3 Nd4 27.
e5+ Kxe5 28. Bxa8 Rxa8 29. Re1+ Kf6 30. b6 Ne6 31. Re3 Nc5 32. Rb4 e5 33. Rf3+
Ke6 34. Rh3 Rb8 35. Rxh7 Nd7 36. Rh6+ f6 37. b7 Nc5 38. Rh7 Nd7 39. Rb5 d5 40.
g4 Kd6 41. Rxd5+ Kxd5 42. Rxd7+ Kc6 43. Rf7 Rxb7 44. Rxf6+ Kd5 45. Kg2 Rg7 46.
Kg3 Rh7 47. f3 Kd4 48. g5 e4 49. fxe4 Kxe4 50. Kg4 Ke5 51. Rf8 Ke6 52. g6 Rh1
53. Kg5 Rg1+ 54. Kh6 Rh1+ 55. Kg7 Rg1 56. Kh7 Rh1+ 57. Kg8 Rg1 58. g7 Rh1 59.
Re8+ Kd7 60. Re4 Rf1 61. Kh7 Rh1+ 62. Kg6 Rg1+ 63. Kh6 Kd6 64. Rh4 Ke7 65. Kh7
1-0

[Event "II Open A"]
[Site "Livigno ITA"]
[Date "2011.09.18"]
[Round "9"]
[White "Timoshenko, Georgy"]
[Black "Narayanan, Srinath"]
[WhiteElo "2572"]
[BlackElo "2336"]
[Result "1-0"]
[PlyCount "95"]
[EventDate "2011.09.12"]

1. e4 e5 2. Nc3 Nf6 3. g3 d5 4. exd5 Nxd5 5. Bg2 Nxc3 6. bxc3 Nc6 7. Nf3 Bd6 8.
O-O O-O 9. Re1 Re8 10. d4 exd4 11. Rxe8+ Qxe8 12. cxd4 Bf5 13. c4 Be4 14. Bb2
h6 15. Bc3 Bb4 16. Bxb4 Nxb4 17. Qb3 Qf8 18. Ne5 Bxg2 19. Kxg2 Qd6 20. a3 Re8
21. Re1 Nc6 22. Nxf7 Qf8 23. Ne5 Nxd4 24. Qxb7 Qd6 25. c5 Qd8 26. Qe4 Qa8 27.
Qxa8 Rxa8 28. Rd1 Re8 29. f4 Ne6 30. c6 g5 31. f5 Ng7 32. Ng4 Nxf5 33. Nf6+ Kf7
34. Nxe8 Ne3+ 35. Kf3 Nxd1 36. Nxc7 Nc3 37. Ke3 Ke7 38. Kd4 Nb1 39. Nd5+ Kd6
40. c7 Kd7 41. a4 Nd2 42. Kc5 Ne4+ 43. Kb5 Nd6+ 44. Ka6 Kc6 45. Kxa7 Kxd5 46.
Kb8 h5 47. a5 Kc6 48. a6 1-0

[Event "II Open A"]
[Site "Livigno ITA"]
[Date "2011.09.18"]
[Round "9"]
[White "Petkov, Vladimir"]
[Black "Michalik, Peter"]
[WhiteElo "2511"]
[BlackElo "2511"]
[Result "0-1"]
[PlyCount "104"]
[EventDate "2011.09.12"]

1. Nf3 Nf6 2. c4 e6 3. Nc3 Bb4 4. Qc2 O-O 5. a3 Bxc3 6. Qxc3 b6 7. b4 Bb7 8.
Bb2 c5 9. e3 d6 10. Be2 Nbd7 11. O-O Rc8 12. d3 Qe7 13. Nd2 e5 14. Bf3 d5 15.
cxd5 Bxd5 16. b5 Bxf3 17. Nxf3 e4 18. dxe4 Qxe4 19. Rfd1 Rfd8 20. Nd2 Qh4 21.
f3 Nf8 22. Ne4 Rxd1+ 23. Rxd1 Ne8 24. Rd5 Ne6 25. Qd2 Rd8 26. Rxd8 Nxd8 27. Be5
Qe7 28. Bb8 Ne6 29. Qd5 N6c7 30. Qd3 Ne6 31. a4 Qb7 32. Bg3 h6 33. Kf2 Qc8 34.
Nd2 N6c7 35. Nc4 Qe6 36. e4 h5 37. h3 Qe7 38. Ne3 h4 39. Bh2 Ne6 40. Qd5 N6c7
41. Qc6 Qd8 42. Nd5 Nxd5 43. Qxd5 Qf6 44. Qe5 Qd8 45. Bf4 Kf8 46. Ke2 Qd7 47.
Bd2 a6 48. Qb8 axb5 49. Qxb6 bxa4 50. Qxc5+ Kg8 51. Bc3 Nc7 52. Qd4 Ne6 0-1

[Event "II Open A"]
[Site "Livigno ITA"]
[Date "2011.09.18"]
[Round "9"]
[White "Dgebuadze, Alexandre"]
[Black "Fedorchuk, Sergey A."]
[WhiteElo "2544"]
[BlackElo "2635"]
[Result "1/2-1/2"]
[PlyCount "116"]
[EventDate "2011.09.12"]

1. d4 Nf6 2. Nf3 e6 3. e3 b6 4. Bd3 Bb7 5. O-O Be7 6. c4 O-O 7. Nc3 d5 8. cxd5
exd5 9. b3 a6 10. Bb2 Bd6 11. Ne5 Nbd7 12. f4 c5 13. Qf3 b5 14. Nxd7 Qxd7 15.
dxc5 Bxc5 16. Ne2 Rfe8 17. Bd4 Rac8 18. Rac1 Qe7 19. Rxc5 Rxc5 20. Ng3 Rc6 21.
Nf5 Qf8 22. Qh3 h5 23. Bxf6 Rxf6 24. Qxh5 Qc5 25. Ne7+ Kf8 26. Nf5 Rxf5 27.
Bxf5 Rxe3 28. Qh8+ Ke7 29. Qh4+ Ke8 30. Qh8+ Ke7 31. Qh4+ f6 32. b4 Qb6 33. Kh1
d4 34. Qh8 Qc6 35. Qxg7+ Kd8 36. Rd1 d3 37. h4 Qd5 38. Rxd3 Rxd3 39. Bxd3 Qxd3
40. Qxb7 Qf1+ 41. Kh2 Qxf4+ 42. g3 Qxb4 43. h5 Qg4 44. Qf7 f5 45. Qf8+ Kd7 46.
h6 Qe2+ 47. Kg1 Qe3+ 48. Kg2 Qe4+ 49. Kf2 Qd4+ 50. Kf3 Qg4+ 51. Kf2 Qd4+ 52.
Kf3 Qd5+ 53. Kf4 Qd2+ 54. Kf3 Qd5+ 55. Kf4 Qd2+ 56. Kf3 Qd3+ 57. Kf2 Qd2+ 58.
Kf3 Qd3+ 1/2-1/2

[Event "II Open A"]
[Site "Livigno ITA"]
[Date "2011.09.18"]
[Round "9"]
[White "Solodovnichenko, Yuri"]
[Black "Polak, Tomas"]
[WhiteElo "2622"]
[BlackElo "2543"]
[Result "1-0"]
[PlyCount "77"]
[EventDate "2011.09.12"]

1. e4 e5 2. Nf3 Nf6 3. Nxe5 d6 4. Nf3 Nxe4 5. d4 d5 6. Bd3 Nc6 7. O-O Be7 8. c4
Nf6 9. Nc3 Be6 10. c5 Bg4 11. Be3 O-O 12. Re1 Re8 13. h3 Bh5 14. g4 Bg6 15. Bb5
Ne4 16. Ne5 Nxc3 17. bxc3 Nxe5 18. Bxe8 Nd3 19. Bxf7+ Kxf7 20. Re2 Ne5 21. Re1
Nd3 22. Re2 Qd7 23. Rd2 h5 24. gxh5 Be4 25. Qg4 Bf5 26. Qe2 Rh8 27. Rad1 Bxh3
28. Rxd3 Qf5 29. Bf4 Bg4 30. f3 Bxh5 31. Qe5 Qh3 32. Re1 Bf6 33. Qxd5+ Kg6 34.
Qe4+ Kf7 35. Bxc7 g5 36. Rde3 Kg7 37. Be5 Rf8 38. R1e2 Bg6 39. Qg4 1-0

[Event "II Open A"]
[Site "Livigno ITA"]
[Date "2011.09.18"]
[Round "9"]
[White "Olszewski, Michal"]
[Black "Mareco, Sandro"]
[WhiteElo "2534"]
[BlackElo "2597"]
[Result "1-0"]
[PlyCount "95"]
[EventDate "2011.09.12"]

1. e4 c5 2. Nf3 d6 3. d4 cxd4 4. Nxd4 Nf6 5. Nc3 a6 6. Be3 e5 7. Nf3 Qc7 8. a4
Be7 9. Be2 O-O 10. O-O Qc6 11. Bg5 Be6 12. Ne1 Nbd7 13. Nd3 Rac8 14. a5 h6 15.
Nb4 Qc5 16. Bd2 Qxb4 17. Nd5 Nxd5 18. Bxb4 Nxb4 19. c3 Nc6 20. Bg4 Nc5 21. Bxe6
fxe6 22. f3 Rfd8 23. b4 Nd7 24. Qb3 Kf7 25. g3 Nf6 26. f4 exf4 27. gxf4 Nxe4
28. f5 Kf8 29. fxe6+ Kg8 30. Rf7 Ng5 31. Rf5 Ne5 32. Qd5 Rc7 33. Kh1 Ng4 34.
Re1 Re8 35. h4 Nh7 36. Rf7 Rf8 37. Rxf8+ Nxf8 38. Qh5 Nf2+ 39. Kh2 Nd3 40. Qf7+
Kh8 41. Rg1 g6 42. h5 Ne5 43. hxg6 Nfxg6 44. Qe8+ Nf8 45. Rg3 Nc6 46. Rf3 Kg8
47. Qf7+ Kh8 48. Rg3 1-0

[Event "II Open A"]
[Site "Livigno ITA"]
[Date "2011.09.18"]
[Round "9"]
[White "Brunello, Sabino"]
[Black "Kilpatrick, Callum"]
[WhiteElo "2569"]
[BlackElo "2256"]
[Result "0-1"]
[PlyCount "60"]
[EventDate "2011.09.12"]

1. c4 Nf6 2. g3 g6 3. Nc3 Bg7 4. Bg2 O-O 5. d4 d6 6. e4 Nbd7 7. Nge2 e5 8. d5
Nh5 9. O-O f5 10. exf5 gxf5 11. f4 e4 12. Nd4 Nc5 13. Be3 Nf6 14. Bh3 Ne8 15.
g4 Qh4 16. Bg2 Nf6 17. Bf2 Qxg4 18. Ndb5 Rf7 19. Qd2 a6 20. Nd4 Nd3 21. Nd1 Nh5
22. Ne3 Qg6 23. Ne2 Nhxf4 24. Nxf4 Nxf4 25. Kh1 Nd3 26. Rg1 f4 27. Nd1 e3 28.
Bxe3 fxe3 29. Qxe3 Ne5 30. Nf2 Bf5 0-1

[Event "II Open A"]
[Site "Livigno ITA"]
[Date "2011.09.18"]
[Round "9"]
[White "Godena, Michele"]
[Black "Maiorov, Nikita"]
[WhiteElo "2527"]
[BlackElo "2558"]
[Result "1-0"]
[PlyCount "81"]
[EventDate "2011.09.12"]

1. e4 e5 2. Nf3 Nc6 3. d4 exd4 4. Nxd4 Bc5 5. Nb3 Bb4+ 6. c3 Be7 7. f4 d6 8.
Bd3 Nh6 9. O-O O-O 10. Qc2 f5 11. N1d2 fxe4 12. Bxe4 Bf5 13. Nf3 Qd7 14. Nbd4
Bxe4 15. Qxe4 Bf6 16. Qe6+ Qf7 17. Qxf7+ Rxf7 18. Nxc6 bxc6 19. h3 Nf5 20. g4
Nh4 21. Bd2 c5 22. Rae1 c4 23. Nxh4 Bxh4 24. Re4 d5 25. Re5 Rd8 26. g5 h6 27.
Be3 a5 28. Re6 hxg5 29. fxg5 Rxf1+ 30. Kxf1 c5 31. g6 Rf8+ 32. Ke2 Rb8 33. Kf3
Rf8+ 34. Ke2 Rb8 35. Kd1 d4 36. cxd4 Bf6 37. dxc5 Bxb2 38. c6 Ba3 39. c7 Rc8
40. Bf4 Kf8 41. Kc2 1-0

[Event "II Open A"]
[Site "Livigno ITA"]
[Date "2011.09.18"]
[Round "9"]
[White "Rombaldoni, Denis"]
[Black "Rotstein, Arkadij"]
[WhiteElo "2517"]
[BlackElo "2515"]
[Result "1/2-1/2"]
[PlyCount "76"]
[EventDate "2011.09.12"]

1. d4 d6 2. Nf3 g6 3. Bf4 Bg7 4. e3 Nd7 5. h3 e5 6. Bh2 Nh6 7. c4 exd4 8. Nxd4
O-O 9. Nc3 Nc5 10. Qd2 Nf5 11. Nf3 Re8 12. Be2 Bh6 13. g4 Nxe3 14. fxe3 Bxe3
15. Qc2 b5 16. b4 Ne6 17. Qd3 Ng5 18. Nxg5 Qxg5 19. Ne4 bxc4 20. Qxc4 Qe7 21.
Nc3 Be6 22. Qd3 Qh4+ 23. Kd1 Bd7 24. Kc2 Bc6 25. Rhf1 Bg2 26. Qc4 Re6 27. Nd5
Qxh3 28. Bf4 Be4+ 29. Kb2 Bxd5 30. Qxd5 Rb8 31. Bxe3 Qxe3 32. Bc4 Rxb4+ 33. Kc2
c6 34. Qxc6 Qd4 35. Qc8+ Kg7 36. Rxf7+ Kh6 37. Rh1+ Kg5 38. Qd8+ Rf6 1/2-1/2

[Event "II Open A"]
[Site "Livigno ITA"]
[Date "2011.09.18"]
[Round "9"]
[White "Sveshnikov, Vladimir"]
[Black "Sveshnikov, Evgeny E."]
[WhiteElo "2412"]
[BlackElo "2504"]
[Result "1/2-1/2"]
[PlyCount "30"]
[EventDate "2011.09.12"]

1. d4 Nf6 2. Nf3 d5 3. c4 e6 4. e3 c5 5. Nc3 Nc6 6. a3 a6 7. cxd5 Nxd5 8. Nxd5
Qxd5 9. dxc5 Qxd1+ 10. Kxd1 Bxc5 11. b4 Bd6 12. Bb2 f6 13. Bc4 Ke7 14. Ke2 b5
15. Bb3 Bb7 1/2-1/2

[Event "II Open A"]
[Site "Livigno ITA"]
[Date "2011.09.18"]
[Round "9"]
[White "Mirzoev, Azer"]
[Black "Pacher, Milan"]
[WhiteElo "2468"]
[BlackElo "2403"]
[Result "1/2-1/2"]
[PlyCount "34"]
[EventDate "2011.09.12"]

1. e4 e5 2. Nf3 Nf6 3. Nxe5 d6 4. Nf3 Nxe4 5. Nc3 Nxc3 6. dxc3 Be7 7. Be3 Nc6
8. Qd2 Be6 9. Ng5 Bxg5 10. Bxg5 Qd7 11. Bb5 a6 12. Ba4 O-O 13. O-O b5 14. Bb3
Ne5 15. Rfe1 Nc4 16. Bxc4 bxc4 17. b3 a5 1/2-1/2

[Event "II Open A"]
[Site "Livigno ITA"]
[Date "2011.09.18"]
[Round "9"]
[White "Suvrajit, Saha"]
[Black "Bentivegna, Francesco"]
[WhiteElo "2384"]
[BlackElo "2322"]
[Result "1-0"]
[PlyCount "65"]
[EventDate "2011.09.12"]

1. d4 e6 2. Nf3 f5 3. g3 Nf6 4. Bg2 Be7 5. O-O O-O 6. b3 a5 7. a4 d6 8. Bb2 Qe8
9. e3 Nc6 10. Nc3 Nd8 11. d5 e5 12. Nb5 Qd7 13. Bxe5 Nf7 14. Bxf6 Bxf6 15. Nfd4
Nd8 16. Rc1 Kh8 17. c4 c6 18. Nc3 c5 19. Ndb5 Nf7 20. e4 Ng5 21. exf5 Qxf5 22.
Nxd6 Nh3+ 23. Bxh3 Qxh3 24. Nxc8 Raxc8 25. Nb5 h5 26. Rc2 g6 27. Re1 h4 28. Re4
hxg3 29. hxg3 Rce8 30. Rxe8 Rxe8 31. Re2 Rf8 32. Re4 Bg7 33. Rh4+ 1-0

[Event "II Open A"]
[Site "Livigno ITA"]
[Date "2011.09.18"]
[Round "9"]
[White "Palit, Somak"]
[Black "Brunello, Marina"]
[WhiteElo "2363"]
[BlackElo "2215"]
[Result "1-0"]
[PlyCount "49"]
[EventDate "2011.09.12"]

1. e4 c5 2. b3 Nc6 3. Bb2 e6 4. Nf3 Nf6 5. e5 Nd5 6. c4 Nc7 7. Nc3 d6 8. exd6
Bxd6 9. d4 O-O 10. Be2 Bd7 11. dxc5 Bxc5 12. O-O Ne8 13. Qd2 Nf6 14. Rad1 Bb4
15. Qc1 a6 16. Bd3 Qc7 17. Nd5 exd5 18. Bxf6 Be7 19. Bxg7 Kxg7 20. cxd5 Rg8 21.
dxc6 Qxc6 22. Qf4 Kh8 23. Be4 Qe6 24. Bxb7 Rad8 25. Rfe1 1-0

[Event "II Open A"]
[Site "Livigno ITA"]
[Date "2011.09.18"]
[Round "9"]
[White "Naumkin, Igor"]
[Black "Zamengo, Fulvio"]
[WhiteElo "2473"]
[BlackElo "2002"]
[Result "1-0"]
[PlyCount "45"]
[EventDate "2011.09.12"]

1. d4 Nf6 2. c4 c5 3. d5 b5 4. Nf3 e6 5. Bg5 exd5 6. cxd5 d6 7. e4 a6 8. a4 Be7
9. Bxf6 Bxf6 10. axb5 Bxb2 11. Ra2 Bf6 12. Be2 O-O 13. O-O Bb7 14. Nbd2 axb5
15. Rxa8 Bxa8 16. Bxb5 Nd7 17. Qb3 Ne5 18. Nxe5 Bxe5 19. Nc4 Qe7 20. Bc6 Bxc6
21. dxc6 Qc7 22. Qb7 Rc8 23. Rb1 1-0

[Event "II Open A"]
[Site "Livigno ITA"]
[Date "2011.09.18"]
[Round "9"]
[White "Veznik, Michael"]
[Black "Karl, Hans"]
[WhiteElo "1830"]
[BlackElo "2201"]
[Result "0-1"]
[PlyCount "36"]
[EventDate "2011.09.12"]

1. e4 e5 2. Nf3 Nc6 3. Bb5 a6 4. Ba4 Nf6 5. d4 exd4 6. O-O Be7 7. e5 Ne4 8.
Nxd4 O-O 9. c4 f5 10. Nxf5 Rxf5 11. Qd5+ Kh8 12. Bxc6 Nxf2 13. Bxb7 Bxb7 14.
Qxb7 Bc5 15. Nd2 Rb8 16. Qd5 Ne4+ 17. Kh1 Ng3+ 18. hxg3 Rh5# 0-1